logo

Bir Sreshtho Munshi Abdur Rouf Library
Jhenaidah Cadet College

স্বপ্ন জয়ের ইচ্ছা : (Record no. 12976)

MARC details
000 -LEADER
fixed length control field 00856nam a2200229 a 4500
001 - CONTROL NUMBER
JCCL Control Number 12976
003 - CONTROL NUMBER IDENTIFIER
JCCL marc code BD-JhCC
005 - DATE AND TIME OF LATEST TRANSACTION
control field 20230608083905.0
008 - FIXED-LENGTH DATA ELEMENTS--GENERAL INFORMATION
fixed length control field 230608s2019 b |||| |||| 000 0 be d
020 ## - INTERNATIONAL STANDARD BOOK NUMBER
International Standard Book Number 9789849314264
035 ## - SYSTEM CONTROL NUMBER
system control number (BD-JhCC)12975
040 ## - CATALOGING SOURCE
Original cataloging agency BD-JhCC
Modifying agency BD-JhCC
041 ## - LANGUAGE CODE
Language code of Book eng
082 ## - DEWEY DECIMAL CLASSIFICATION NUMBER
Classification number 302.2
Author mark and Year HAM 2019
100 ## - MAIN ENTRY--PERSONAL NAME
Personal name আবদুল হামিদ, মো:
245 ## - TITLE STATEMENT
Title স্বপ্ন জয়ের ইচ্ছা :
Remainder of title রাষ্ট্রপতির ভাষণ সংকলন (২০১৬-২০১৮) /
Statement of responsibility, etc মো: আবদুল হামিদ
260 ## - PUBLICATION, DISTRIBUTION, ETC. (IMPRINT)
Place of publication, distribution, etc ঢাকা :
Name of publisher, distributor, etc গৌরব প্রকাশন,
Date of publication, distribution, etc ২০১৯.
300 ## - PHYSICAL DESCRIPTION
Pagination ৪৩২ পৃ. :
Dimensions ২২ সেমি.
Other physical details চিত্রাবলী সংযোজিত;
600 ## - SUBJECT ADDED ENTRY--PERSONAL NAME
Personal name Abdul Hamid, Md.
650 ## - SUBJECT ADDED ENTRY--TOPICAL TERM
Topical term or geographic name as entry element Speech
942 ## - ADDED ENTRY ELEMENTS (KOHA)
Source of classification or shelving scheme Dewey Decimal Classification
Koha item type Books
Holdings
Source of classification or shelving scheme volume number Damaged status Not for loan Home library Current library Shelving location Date of accession Cost, normal purchase price Full call number Barcode Date last seen Copy number Method of acquisition Koha item type Currency Total Checkouts
Dewey Decimal Classification V-1     JCC Rouf Library JCC Rouf Library General Stacks 06/08/2023 800.00 302.2 HAM 2019 17815 06/08/2023 C-1 Purchase Books BDT  
Dewey Decimal Classification V-2     JCC Rouf Library JCC Rouf Library General Stacks 06/08/2023 800.00 302.2 HAM 2019 17816 06/08/2023 C-2 Purchase Books BDT  

JCC Library | Contacts | JCC Home

Last Update on 23 September 2017
Copyright @ 2017-2020 JCC Rouf Library
Rouf Library, Jhenidah Cadet College (JCC), Bangladesh